000 01780cam a2200481Li 4500
001 83460
005 20230410103901.0
008 080416s2005 enkb g 000 0 eng d
035 _a(OCoLC)ocn494238947
040 _aZWZ
_encafnor
_bfre
_cZWZ
020 _a0743267982 (br)
020 _a9780743267984 (br)
029 0 _aZWZ
_b12330993X
035 _a(OCoLC)494238947
049 _aGRAL
050 1 4 _a416 DS 119.76
_bC889h 2005
082 0 0 _a956.05
100 1 _aCramer, Richard Ben.
245 1 0 _aHow Israel lost :
_bthe four questions at the heart of the Middle East crisis /
_cRichard Ben Cramer.
260 _aLondon :
_bFree Press,
_c2005.
300 _a1 vol. ( 307 p.) :
_bcartes. ;
_c20 cm.
504 _aBibliogr. p. 302-306.
505 0 _aWhy do we care about Israel? -- Why don't the Palestinians have a state? -- What is a Jewish state? -- Why is there no peace?
651 0 _aIsrael
_xSocial conditions.
651 0 _aIsrael
_xEthnic relations.
650 0 _aNational characteristics, Israeli.
650 0 _aArab-Israeli conflict
_xMoral and ethical aspects.
650 0 _aArab-Israeli conflict
_y1993-
_xPeace.
650 0 _aPalestinian Arabs
_zWest Bank
_xSocial conditions.
650 0 _aPalestinian Arabs
_zGaza Strip
_xSocial conditions.
651 4 _aIsrael
_xCaracterísticas nacionales.
651 4 _aIsrael
_xCondiciones sociales.
651 4 _aIsrael
_xRelaciones étnicas.
650 4 _aConflicto árabe-israelí
_xCuestiones territoriales
650 4 _aConflicto árabe-israelí
_y1993
_xPaz
740 0 2 _aWhy do we care about Israel?
740 0 2 _aWhy don't the Palestinians have a state?
740 0 2 _aWhat is a Jewish state?
740 0 2 _aWhy is there no peace?
942 _2lcc
_cbk
946 _akk
994 _aC0
_bDRFGD
999 _c27706
_d27706